Sanat - "Soittajapaimen" - Statistics

Yleistilastot
  • Tätä visaa on pelattu 11 kertaa
  • Keskiarvotulos 55 / 63
Vastaustilastot
Vastaus % Oikein
hei
100%
hei
100%
hei
100%
hei
100%
illansuussa
100%
illansuussa
100%
illansuussa
100%
koreasti
100%
koreasti
100%
koreasti
100%
koreasti
100%
minä
100%
pajupuusta
100%
pajupuusta
100%
pajupuusta
100%
pillin
100%
pillini
100%
pillini
100%
soipi
100%
soipi
100%
soreasti
100%
soreasti
100%
soreasti
100%
soreasti
100%
Tein
100%
toki
100%
toki
100%
toki
100%
toki
100%
toki
100%
toki
100%
toki
100%
toki
100%
vain
100%
vain
100%
vain
100%
vain
100%
vain
100%
vain
100%
vain
100%
vain
100%
soitan
90%
laulaa
80%
laulaa
80%
laulaa
80%
Metsässä
80%
Lainehet
70%
lainehet
70%
lammen
70%
lammen
70%
loiskii
70%
loiskii
70%
loiskii
70%
karjankin
50%
karjankin
50%
kellot
50%
kellot
50%
kilvan
50%
kilvan
50%
kilvan
50%
soittaa
40%
soittaa
40%
soittaa
40%
Ehtoja vastaavia visoja ei löytynyt
Tulosjakauma
Jokaisen tuloksen saaneiden osuus
Persentiili vastausten määrän mukaan
Tuloshistoriasi
Et ole pelannut tätä visaa